| 000 | 00807cam a2200253 a 4500 | ||
|---|---|---|---|
| 001 | 14189569 | ||
| 005 | 20180105070423.0 | ||
| 008 | 051205s2007 maua b 001 0 eng | ||
| 010 | _a 2005058386 | ||
| 020 | _a9780073048833 (alk. paper) | ||
| 020 | _a0073048836 (alk. paper) | ||
| 040 |
_aDLC _cDLC _dDLC |
||
| 041 | _aeng | ||
| 042 | _apcc | ||
| 080 | _a658.1511 | ||
| 082 | 0 | 0 |
_a658.1511 GAR _222 |
| 100 | 1 | _a62 | |
| 101 | _aKON | ||
| 245 | 1 | 0 |
_aIntroduction to managerial accounting / _cPeter C. Brewer, Ray H. Garrison, Eric W. Noreen. |
| 504 | _aIncludes bibliographical references and index. | ||
| 906 |
_a7 _bcbc _corignew _d1 _eocip _f20 _gy-gencatlg |
||
| 942 |
_2ddc _cBK |
||
| 999 |
_c39813 _d39813 |
||